Normal view
MARC view
- Electronic data processing-periodicals
Entry Topical Term
001 - CONTROL NUMBER
- control field: 6353
003 - CONTROL NUMBER IDENTIFIER
- control field: JO-AjAnu
005 - DATE AND TIME OF LATEST TRANSACTION
- control field: 20230606071329.0
008 - FIXED-LENGTH DATA ELEMENTS
- fixed length control field: 230606|| aca||aabn | a|a d
040 ## - CATALOGING SOURCE
- Original cataloging agency: JO-AjAnu
- Transcribing agency: JO-AjAnu
150 ## - HEADING--TOPICAL TERM
- Topical term or geographic name entry element: Electronic data processing-periodicals
670 ## - SOURCE DATA FOUND
- Source citation: Work cat.: (JO-AjAnu)3290: O, leary ,Timothy J, Lindal.O,Leary. Daniel A O.Leary, author 6352, Computing Essentials